Mor salkımlı ev. (Record no. 47040)

MARC details
000 -LEADER
fixed length control field 00505cam a22002051 4500
001 - CONTROL NUMBER
control field ne 64001270
003 - CONTROL NUMBER IDENTIFIER
control field DLC
005 - DATE AND TIME OF LATEST TRANSACTION
control field 20260227111800.0
008 - FIXED-LENGTH DATA ELEMENTS--GENERAL INFORMATION
fixed length control field 880830s1963 tu 000 0atur
010 ## - LIBRARY OF CONGRESS CONTROL NUMBER
LC control number ne 64001270
035 ## - SYSTEM CONTROL NUMBER
System control number (OCoLC)18428265
040 ## - CATALOGING SOURCE
Original cataloging agency DLC
Transcribing agency CU
Modifying agency DLC
042 ## - AUTHENTICATION CODE
Authentication code premarc
050 00 - LIBRARY OF CONGRESS CALL NUMBER
Classification number PL248.A3
Item number Z5
100 1# - MAIN ENTRY--PERSONAL NAME
Personal name Adıvar, Halide Edib,
Dates associated with a name 1885-1964.
245 10 - TITLE STATEMENT
Title Mor salkımlı ev.
260 ## - PUBLICATION, DISTRIBUTION, ETC.
Place of publication, distribution, etc. İstanbul,
Date of publication, distribution, etc. 1963.
300 ## - PHYSICAL DESCRIPTION
Extent 247 p.
Dimensions 20 cm.
500 ## - GENERAL NOTE
General note Autobiographical.

No items available.

Powered by Koha